Šéf mestskej polície sa pochytil s prednostom

Bibliographic Details
Main Author: Mazurková, Renáta, 1972- (Author)
Format: Article
Language:Slovak
PhysicalDescription:Fotogr.
ISSN:1335-7581
Subjects:

MARC

LEADER 00000nab a2200000 a 4500
001 vtls008954977
003 SK-MaSNL
005 20260303070334.0
008 070313c20070223xo mr| 0 0slo
038 |a RVGKPD 
040 |a RVGKPD  |b slo  |c RVGKPD  |e AACR2 
041 |a slo 
044 |a xo  |c SK 
080 |a 351.745  |2 1997 
080 |a 352.9  |2 1997 
100 1 |a Mazurková, Renáta,  |d 1972-  |4 aut  |9 859052 
245 1 0 |a Šéf mestskej polície sa pochytil s prednostom  |c Renáta Mazurková 
300 |b Fotogr. 
610 2 7 |a Rožňava (Slovensko).  |b Mestská polícia  |2 rvgkpd 
610 2 7 |a Rožňava (Slovensko).  |b Mestský úrad  |2 rvgkpd  |9 161105 
651 7 |a Rožňava (Slovensko)  |2 rvgkpd  |9 17394 
773 0 |t Korzár : Gemerský denník  |g Roč. IX, č. 45 (23.2.2007), s. 1  |x 1335-7581 
852 |a RVGKPD  |b KIS3G 
992 |a RBX 
999 |c 1754939  |d 1756869